Das Steininschriftenprojekt des Wolkenheimklosters Während der Liao-Dynastie (907-1125) : Eine Analyse Seiner Kolophone.

Die Reihe Materiale Textkulturen ist das Publikationsorgan des gleichnamigen Heidelberger Sonderforschungsbereichs 933, der von der Deutschen Forschungsgemeinschaft gefördert wird. In der Reihe erscheinen Sammelbände und Monographien, die sich den Forschungsschwerpunkten des SFB widmen, also die M...

Full description

Bibliographic Details
Main Author: Chuang, Hui-Ping.
Format: eBook
Language:German
Published: Berlin/Boston : Walter de Gruyter GmbH, 2017.
Edition:1st ed.
Series:Materiale Textkulturen Series
Subjects:
Online Access:Click to View
LEADER 02437nam a22003973i 4500
001 EBC5557660
003 MiAaPQ
005 20231204023214.0
006 m o d |
007 cr cnu||||||||
008 231204s2017 xx o ||||0 ger d
020 |a 9783110534849  |q (electronic bk.) 
020 |z 9783110471830 
035 |a (MiAaPQ)EBC5557660 
035 |a (Au-PeEL)EBL5557660 
035 |a (OCoLC)1032678300 
040 |a MiAaPQ  |b eng  |e rda  |e pn  |c MiAaPQ  |d MiAaPQ 
100 1 |a Chuang, Hui-Ping. 
245 1 4 |a Das Steininschriftenprojekt des Wolkenheimklosters Während der Liao-Dynastie (907-1125) :  |b Eine Analyse Seiner Kolophone. 
250 |a 1st ed. 
264 1 |a Berlin/Boston :  |b Walter de Gruyter GmbH,  |c 2017. 
264 4 |c {copy}2018. 
300 |a 1 online resource (342 pages) 
336 |a text  |b txt  |2 rdacontent 
337 |a computer  |b c  |2 rdamedia 
338 |a online resource  |b cr  |2 rdacarrier 
490 1 |a Materiale Textkulturen Series ;  |v v.17 
505 0 |a Intro -- Inhalt -- Abkürzungsverzeichnis -- Abbildungsverzeichnis -- Tabellenverzeichnis -- Zum Geleit -- Danksagung -- 1. Einführung -- 2. Erste Phase: Wiederbeginn (1027-1056) -- 3. Zweite Phase: Routine (1058-1093) -- 4. Dritte Phase: Höhepunkt (1093-1095) -- 5. Vierte Phase: Erbe (1107-1121) -- 6. Schlusswort -- Bibliographie -- Register. 
520 |a Die Reihe Materiale Textkulturen ist das Publikationsorgan des gleichnamigen Heidelberger Sonderforschungsbereichs 933, der von der Deutschen Forschungsgemeinschaft gefördert wird. In der Reihe erscheinen Sammelbände und Monographien, die sich den Forschungsschwerpunkten des SFB widmen, also die Materialität und Präsenz des Geschriebenen in non-typographischen Gesellschaften erforschen. 
588 |a Description based on publisher supplied metadata and other sources. 
590 |a Electronic reproduction. Ann Arbor, Michigan : ProQuest Ebook Central, 2023. Available via World Wide Web. Access may be limited to ProQuest Ebook Central affiliated libraries.  
655 4 |a Electronic books. 
776 0 8 |i Print version:  |a Chuang, Hui-Ping  |t Das Steininschriftenprojekt des Wolkenheimklosters Während der Liao-Dynastie (907-1125)  |d Berlin/Boston : Walter de Gruyter GmbH,c2017  |z 9783110471830 
797 2 |a ProQuest (Firm) 
830 0 |a Materiale Textkulturen Series 
856 4 0 |u https://ebookcentral.proquest.com/lib/matrademy/detail.action?docID=5557660  |z Click to View